01079nam a2200229 i 4500001000300000100002300003245017200026246009300198260003300291300004000324500015600364504003100520650004000551650002900591700003300620020001500653040000800668041001900676080001500695008004100710856009800751bg1 aKILLER, Wilhelm K.10aPolsko-angielsko-niemiecki ilustrowany słownik budowlany /cWilhelm K. Killer ; terminologia pol., [tł. tekstów] oraz nowe hasła, teksty i il. Eugeniusz Piliszek. iTyt. oryg.:aBautechnisches Englisch im Bild = Illustrated technical German for builders aWarszawa :b"Arkady",c2004. a263, [1] s. :brys., tab. ;c24 cm. aTyt. oryg.: "Bautechnisches Englisch im Bild = Illustrated technical German for builders" 1994. Wyd. rozsz. i znowelizowane. Na s. red. błędny ISBN. aBibliogr. s. 263. Indeksy. 9aBudownictwoxterminologiaxsłownik 9aSłownik wielojęzyczny1 aPILISZEK, Eugeniusz.eOprac. a8321341020 cBPK0 apolenggerhegr a69(038)=00 s pl f |000 0 pol  uhttp://koha.tu.koszalin.pl/cgi-bin/koha/opac-detail.pl?biblionumber=45815yKatalog online BPK